00823 2200313 4500001002100000005001500021035002000036007000300056008004100059040001700100100001300117245007000130250001000200300003400210504002600244020002200270041000800292082001000300084001600310090002000326260003500346500002800381600001000409650001900419700001900438850001000457990002100467990002100488INLIS00000000000282820260530114241 a0010-0720000111ta260530 0  aSBPUPADbind0 aAbi Jiha1 aFiqih Shopping :bKiat BelanjaMemat,cerdas dan Islami /cAbi Jiha aCet.1 a190 hlm. :bilus. ;c15x23 cm aBibliografi, 191 hlm. a978-602-342-006-3 aind a297.5 a297.5 ABI f b297.5 ABI f 3-8 aJakarta :bZikrul Hakim,c2015 aProfile penulis,hlm 192 4aagama 4aFiqih Shopping0 aLuthfi Yansyah aPUPAD a22.436/KAPD/2016 a22.433/KAPD/2016